Entry Personal Name
Number of records used in: 1
001 - CONTROL NUMBER
003 - CONTROL NUMBER IDENTIFIER
005 - DATE AND TIME OF LATEST TRANSACTION
- control field:
20231005140002.0
008 - FIXED-LENGTH DATA ELEMENTS
- fixed length control field:
800721n| azannaabn |b aaa
010 ## - LIBRARY OF CONGRESS CONTROL NUMBER
- LC control number:
n 50034310
016 ## - NATIONAL BIBLIOGRAPHIC AGENCY CONTROL NUMBER
- Record control number:
1005D3812E
035 ## - SYSTEM CONTROL NUMBER
- System control number:
(OCoLC)oca00069633
040 ## - CATALOGING SOURCE
- Original cataloging agency:
DLC
- Language of cataloging:
eng
- Description conventions:
rda
- Transcribing agency:
DLC
- Modifying agency:
DLC
- Modifying agency:
OCoLC
- Modifying agency:
CSt
- Modifying agency:
DLC
- Modifying agency:
OCoLC
- Modifying agency:
CSt
- Modifying agency:
ICU
- Modifying agency:
UPB
- Modifying agency:
DLC
- Modifying agency:
OCoLC
- Modifying agency:
CaOONL
- Modifying agency:
ScU
042 ## - AUTHENTICATION CODE
046 ## - SPECIAL CODED DATES
- Birth date:
1920-11-23
- Death date:
1970-04-20
- Source of date scheme:
edtf
053 #0 - LC CLASSIFICATION NUMBER
- Classification number element--single number or beginning number of span:
PT2605.E4
100 1# - HEADING--PERSONAL NAME
- Personal name:
Celan, Paul
370 ## - ASSOCIATED PLACE
- Place of birth:
Chernivt︠s︡i (Ukraine)
- Place of death:
Paris (France)
- Associated country:
Germany
- Source of term:
naf
372 ## - FIELD OF ACTIVITY
- Field of activity:
Poetry
- Source of term:
lcsh
374 ## - OCCUPATION
- Occupation:
Poets
- Occupation:
Authors
- Source of term:
lcsh
377 ## - ASSOCIATED LANGUAGE
400 1# - SEE FROM TRACING--PERSONAL NAME
- Personal name:
Antschel, Paul
400 1# - SEE FROM TRACING--PERSONAL NAME
- Personal name:
Anczel, Paul
400 1# - SEE FROM TRACING--PERSONAL NAME
- Personal name:
Antschel-Teitler, Paul
400 1# - SEE FROM TRACING--PERSONAL NAME
- Personal name:
Teitler, Paul Antschel-
400 1# - SEE FROM TRACING--PERSONAL NAME
- Personal name:
Chʻellan, Pʻaul
400 1# - SEE FROM TRACING--PERSONAL NAME
- Personal name:
Ancel, Paul
400 1# - SEE FROM TRACING--PERSONAL NAME
- Personal name:
T︠S︡elan, Paulʹ
400 1# - SEE FROM TRACING--PERSONAL NAME
- Personal name:
Целан, Пауль
400 1# - SEE FROM TRACING--PERSONAL NAME
- Personal name:
צלאן, פאול
670 ## - SOURCE DATA FOUND
- Source citation:
Von Schwelle zu Schwelle, 1955.
670 ## - SOURCE DATA FOUND
- Source citation:
Pausch, H. Paul Celan, c1981:
- Information found:
t.p. (Paul Celan) p. 4 of cover (Paul Antschel-Teitler)
670 ## - SOURCE DATA FOUND
- Source citation:
Chŏn, Y.A. Ŏduun sidae wa kotʻong ŭi ŏnŏ, 1986:
- Information found:
t.p. (Pʻaul Chʻellan)
670 ## - SOURCE DATA FOUND
- Source citation:
Last poems, 1986:
- Information found:
t.p. (Paul Celan) introd. (Paul Ancel)
670 ## - SOURCE DATA FOUND
- Source citation:
Collected prose, 1986:
- Information found:
t.p. (Paul Celan) jkt. (b. 1920, d. 1970)
670 ## - SOURCE DATA FOUND
- Source citation:
Poeziï, 2001:
- Information found:
t.p. (Пауль Целан = Paulʹ T︠S︡elan; Paul Celan) p. 5 (d. Apr. 1970, Paris) p. 6 (b. Nov. 23, 1920)
670 ## - SOURCE DATA FOUND
- Source citation:
Sheloshah shirim liriyim, c1997:
- Information found:
t.p. (Paʼul Tselan; Paul Celan [in rom.])
670 ## - SOURCE DATA FOUND
- Source citation:
Wikipedia, German, via WWW,
- Information found:
(Paul Celan; born Nov. 23, 1920 in Czernowitz, Ukraine; died Apr. 20, 1970 in Paris; German poet)
670 ## - SOURCE DATA FOUND
- Source citation:
LAC internal file, August 19, 2022
- Information found:
(access point: Celan, Paul; German)